000 00366nam a22001697a 4500
003 UA-OsUOA
001 1947
007 ta
008 20050721b un ||||| |||| 00| 0 ukr d
100 _aWelsh
700 _aStanley L.
942 _cBK
040 _aUA-OsUOA
_cUA-OsUOA
_dUA-OsUOA
245 _aFlowers of the Canyon Country
_bScience
955 _a2
650 7 _2UDC
999 _c288109
_d288109